000 00838 a2200265 4500
003 OSt
005 20180116192358.0
008 120702t xxu||||| |||| 00| 0 eng d
010 _a 2005360280
020 _a0714840696
020 _a9780714848617
035 _a(OCoLC)ocm56449864
040 _c0
082 0 4 _a720.9492
100 1 _aBetsky, Aaron.
_95215
245 1 0 _aFalse flat :
_bwhy Dutch design is so good /
_cAaron Betsky with Adam Eeuwens.
260 _aLondon :
_bPhaidon,
_c2004.
300 _a[400] p. :
_bcol. ill., map ;
_c25 cm.
650 1 0 _aArchitecture
_zNetherlands.
_95216
650 1 0 _aCity planning
_zNetherlands.
_95217
650 1 0 _aDesign
_zNetherlands.
_95218
700 1 _aEeuwens, Adam.
_95219
942 _aSADA
_cBK
_k720.9492 BET 2004
_2ddc
999 _c353205
_d353205